|
|
|
|
| LEADER |
00000nab a2200000 ar4500 |
| 001 |
vtls010515112 |
| 003 |
SK-MaSNL |
| 005 |
20260303210632.0 |
| 008 |
171108c2013 xo wr|p|||||||000 b|slo |
| 038 |
|
|
|a PPPK
|
| 040 |
|
|
|a PPPKCL
|b slo
|c PPPKCL
|e AACR2
|
| 041 |
0 |
|
|a slo
|
| 044 |
|
|
|a xo
|c SK
|
| 080 |
|
|
|a 793.33(8).093
|2 2001
|
| 245 |
0 |
0 |
|a Zlato z majstrovstiev Slovenska
|c [text a foto] (tcf)
|
| 300 |
|
|
|b Fotogr.
|
| 610 |
2 |
7 |
|a Fortuna (tanečná skupina : Poprad, Slovensko)
|2 pppkcl
|9 1104227
|
| 611 |
2 |
7 |
|a Majstrovstvá Slovenska v desiatich tancoch
|d (2013 :
|c Košice, Slovensko)
|2 pppkcl
|9 1242627
|
| 648 |
|
7 |
|a 16.2.2013
|2 pppkcl
|9 1095615
|
| 650 |
0 |
7 |
|a spoločenské tance
|2 pppkcl
|9 29452
|
| 650 |
0 |
7 |
|a latinskoamerické tance
|2 pppkcl
|9 75641
|
| 650 |
0 |
7 |
|a tanečné súťaže
|2 pppkcl
|9 74115
|
| 651 |
|
7 |
|a Košice (Slovensko)
|2 pppkcl
|9 18694
|
| 651 |
|
7 |
|a Poprad (Slovensko)
|2 pppkcl
|9 20155
|
| 773 |
0 |
|
|t Podtatranský kuriér : spoločensko-ekonomický týždenník
|g Roč. III, č. 9 (2013), s. 6
|x 1338-5402
|
| 852 |
|
|
|a PPPK
|b KIS3GCP
|
| 999 |
|
|
|c 2201010
|d 2202940
|